The Dacca law reports : fortnightly law journal. Volume 16 /

গ্রন্থ-পঞ্জীর বিবরন
অন্যান্য লেখক: Chowdhury, Obaidul Haque
বিন্যাস: গ্রন্থ
ভাষা:English
প্রকাশিত: Dacca [Bangladesh] : Dacca Law Reports, 1964.
বিষয়গুলি:
Classic Catalogue: View this record in Classic Catalogue
LEADER 01467nam a2200325 a 4500
001 00022294
003 BD-DhAAL
008 100927s1964 bg w 000 0 eng d
040 |a BD-DhAAL  |c BD-DhAAL 
082 0 0 |a 348.5492046  |2 22 
130 0 |a DLR  |9 3902 
245 0 4 |a The Dacca law reports :  |b fortnightly law journal.  |n Volume 16 /  |c edited by Obaidul Huq Chowdhury. 
246 1 7 |a The Dhaka law reports 
260 |a Dacca [Bangladesh] :  |b Dacca Law Reports,  |c 1964. 
300 |a various paging ;   |c 25 cm 
362 0 |a Vol. 16 
500 |a Index of cases of the supreme court of Pakistan 
500 |a "A journal of law reports." 
500 |a Latest issue consulted: Vol.XVI, January to December,1964 
505 |a v. 16. Table of cases of the High Court of West Pakistan. 
541 |e 00022294 
590 |a Published yearly. 
650 0 |a Law reports, digests, etc.  |z Bangladesh.  |9 3903 
650 0 |a Law reports, digests, etc.  |z India  |z Bengal.  |9 3904 
700 1 |a Chowdhury, Obaidul Haque.  |9 1137 
852 4 |a Ayesha Abed Library  |j General shelf  
942 |2 ddc  |c 1HOUR  |0 1 
999 |c 10659  |d 10659 
952 |0 0  |1 0  |2 ddc  |4 0  |6 348_549204600000000_DAC  |7 0  |8 REF  |9 16026  |a BRACUL  |b BRACUL  |c CIR  |d 2011-04-07  |l 4  |o 348.5492046 DAC  |p 3010022294  |r 2013-06-15  |s 2013-06-15  |t 1  |w 2011-04-07  |y 1HOUR 
952 |0 0  |1 0  |2 ddc  |4 0  |6 348_549200000000000_046_DAC  |7 0  |8 REF  |9 54144  |a BRACUL  |b BRACUL  |c REF  |d 2015-06-08  |g 994.00  |l 4  |o 348.5492046 DAC  |p 3010029130  |r 2019-11-24  |s 2019-11-24  |t 2  |w 2015-06-08  |y 1HOUR